• 首页
  • 本馆介绍
  • 公告通知
  • 最新文献
  • 馆藏检索
  • 电子资源
  • 读者导购
  • 参考咨询
  • 我的图书馆
  • 登录
  • 详细信息显示
  • 放入我的书架
  • 预约/预借图书
  • 作者相关作品
  • 分类相关作品
  • 丛书相关作品
  • 出版社相关作品

书目信息

  • 表格格式
  • 工作单格式
  • 卡片格式
题名:
饮料包装
    
 
作者: 陈黍敏 主编
分册:  
出版信息: 北京   化学工业出版社  2005
页数: 344页
开本: 21cm
丛书名: 现代食品包装技术丛书
单 册:
中图分类: TS27
科图分类:
主题词: 饮料--食品包装 , 饮料 , 食品包装
电子资源:
ISBN: 7-5025-6192-7
000 00924oam2 2200277 450
001 012007264558
005 20070517143209.71
010    @a7-5025-6192-7@dCNY25.00
100    @a20070428d2005 km y0chiy0120 ea
101 0  @achi
102    @aCN@b110000
105    @aa z 000yy
106    @ar
200 1  @a饮料包装@Ayin liao bao zhuang@f陈黍敏主编@Fchen shu min zhu bian
210    @a北京@c化学工业出版社@d2005
215    @a344页@c图@d21cm
225 2  @a现代食品包装技术丛书
330    @a本书主要介绍当今饮料包装的新型包装材料和包装的新技术、新方法,其中包括碳酸饮料、果蔬汁饮料、矿泉水及纯净水、啤酒、烈性酒、茶叶及咖啡等的包装特点、材料和容器及结构设计、装潢设计、包装印刷等内容。
461  0 @12001 @a现代食品包装技术丛书
606 0  @a饮料@x食品包装
606 0  @a饮料
606 0  @a食品包装
690    @aTS27@v4
701  0 @a陈黍敏@Achen shu min@4主编
801  0 @aCN@bRULIN@c20070517
905    @dTS27@e62@s8
    
    饮料包装/陈黍敏主编.-北京:化学工业出版社,2005
    344页:图;21cm.-(现代食品包装技术丛书)
    
    
    ISBN 7-5025-6192-7:CNY25.00
    本书主要介绍当今饮料包装的新型包装材料和包装的新技术、新方法,其中包括碳酸饮料、果蔬汁饮料、矿泉水及纯净水、啤酒、烈性酒、茶叶及咖啡等的包装特点、材料和容器及结构设计、装潢设计、包装印刷等内容。
●
相关链接 在E读中查询图书 在五车中查询图书 在当当中查询图书 在豆瓣中查询图书


正题名:饮料包装     索取号:TS27/62         预约/预借

序号 登录号 条形码 馆藏地/架位号 状态 备注
1 0575273   205752737   第二样本阅览室/ [索取号:TS27/62] 在馆    
2 0575274   205752746   第三借阅区/ [索取号:TS27/62] 在馆    
3 0575275   205752755   第三借阅区/ [索取号:TS27/62] 在馆    
4 0575276   205752764   第三借阅区/ [索取号:TS27/62] 在馆    
5 0575277   205752773   第三借阅区/ [索取号:TS27/62] 在馆    
6 0575278   205752782   第三借阅区/ [索取号:TS27/62] 在馆    
7 0575279   205752791   第三借阅区/ [索取号:TS27/62] 在馆    
8 0575280   205752808   第三借阅区/ [索取号:TS27/62] 在馆    
9 0575281   205752817   第三借阅区/ [索取号:TS27/62] 在馆    
10 0575282   205752826   第三借阅区/ [索取号:TS27/62] 在馆    
唐山师范学院图书馆 欢迎您!
大连网信软件有限公司© 版权所有